| 000 | 00508nam a22001577a 4500 | ||
|---|---|---|---|
| 003 | PILC | ||
| 005 | 20150528152024.0 | ||
| 008 | 150528b xxu||||| |||| 00| 0 eng d | ||
| 050 |
_aQA 76 _b.G851 2014 |
||
| 100 | _aGriffin, Ricky W. | ||
| 245 |
_aPrinciples of organizational behavior / _cRicky W. Griffin, Gregory Moorehead. |
||
| 300 |
_axxv, 598 pages : _billustrations ; _c28 cm. |
||
| 500 | _aIncludes bibliographical reference and index. | ||
| 650 | _aOrganizational behavior. | ||
| 942 |
_2lcc _cBK _kFOR |
||
| 999 |
_c284494 _d284494 |
||